004250000a220010900045001000019000002450113000193000052001327730016001849420008002009520090002089990017002981 aLee, Dwight R.10aConfession of a compliant taxpayer : The curtail fiscal folly, reduce the money pouring into federal coffers aVol. 47, Num 3 (Marzo, 1997), Páginas 144-1450 tThe Freeman cANA 001040708HEMaFUSBCbFUSBCd2016-01-26l0o r2016-01-26 00:00:00w2016-01-26yANA c56657d56657